Normal view
MARC view
Entry Personal Name
001 - CONTROL NUMBER
- control field: 59859
003 - CONTROL NUMBER IDENTIFIER
- control field: dpl
005 - DATE AND TIME OF LATEST TRANSACTION
- control field: 20231214144721.0
008 - FIXED-LENGTH DATA ELEMENTS
- fixed length control field: 231214|| aca||aabn | a|a d
040 ## - CATALOGING SOURCE
- Original cataloging agency: dpl
- Transcribing agency: dpl
100 ## - HEADING--PERSONAL NAME
- Personal name: रितेश कुमार
670 ## - SOURCE DATA FOUND
- Source citation: Work cat.: (dpl)199654: रितेश कुमार, वस्तुनिष्ठ सामान्य ज्ञान; सभी प्रतियोगी परीक्षाओ के लिए/, 2021
